Responses for Show #5919 - Thursday, May 13, 2010

2010 Tournament of Champions quarterfinal game 4.

Contestants

[<< previous game]

Christine Valada, a photographer and attorney originally from Walton, New York

Justin Bernbach, a lobbyist from Brooklyn, New York

Joey Beachum, an Air Force intelligence officer from Conway, Arkansas

[next game >>]

Jeopardy! Round responses

PAST LIVES
PUBLISHERS
FRANÇAIS TO ANGLAIS
COUNTRIES ENDING IN "E"
BRANDS
THE FINAL FORE
    $200 1
(William) Seward

Justin
    $200 2
the Bible

Justin
    $200 19
the beach

Justin
    $200 12
Greece

Justin
    $200 16
Keebler

Joey
    $200 27
Mickelson

Justin
    $400 7
Bolívar

Joey
    $400 11
Amazon

Joey
    $400 23
a honeymoon

Joey
    $400 6
Chile

Joey
    $400 17
Thomas'

Justin
    $400 22
the British Open

Christine
    $600 8
(Henry) Hudson

Joey
    $600 24
Random House

Christine
    $600 28
sledgehammer

Justin
    $600 3
Belize

Justin
    $600 18
Skechers

Christine
    $600 13
Bob Hope

Justin
    $800 9
Aristophanes

Justin
    $800 25
Harper

Justin
    $800 29
a muffler

Joey
    $800 4
Ukraine

Justin
    $2,200 20
Jose Cuervo

Justin
    $800 14
Gary Player

Justin
    $1000 10
William Wallace

Christine
    $1000 26
Harlequin

Triple Stumper
    $1000 30
(Joey: What is black?)

puff

Joey
Triple Stumper
    $1000 5
Singapore

Justin
    $1000 21
Swiss Miss

Justin
    $1000 15
Payne Stewart

Joey

Scores at the first commercial break (after clue 15):

Joey Justin Christine
$2,800 $5,200 $1,000

Scores at the end of the Jeopardy! Round:

Joey Justin Christine
$3,200 $10,600 $2,600

Double Jeopardy! Round responses

THE NEW YORK TIMES SCIENCE TIMES
CABLE DRAMAS
SYMBOLISM
THE HECUBA, YOU SAY
AUSTRALIAN CAPITALS
THE FINAL "FORE"
    $400 25
bees

Christine
    $400 14
Rescue Me

Joey
    $400 2
a fish

Christine
    $400 1
Helen

Joey
    $400 3
Sydney

Justin
    $400 21
before

Justin
    $800 27
(Justin: What is a kangaroo?)

a frog

JoeyJustin
    $800 26
Spartacus

Christine
    $800 7
mist

Christine
    $800 4
Cassandra

Justin
    $800 9
Canberra

Christine
    $800 17
afore

Justin
    $1200 28
Desmond Tutu

Joey
    $1200 22
The L Word

Triple Stumper
    $1200 13
F-natural

Christine
    $3,200 5
Troilus

Justin
    $1200 10
Melbourne

Christine
    $1200 18
wherefore

Justin
    $3,000 29
(Alex: Joey?)
(Joey: [Shakes head])

The Cove

Joey
    $1600 23
Sharon Gless

Justin
    $1600 15
a transformer

Joey
    $1600 6
Priam

Joey
    $1600 11
Adelaide

Triple Stumper
    $1600 19
(Joey: ...Aforemention.)

therefore

JoeyJustin
    $2000 30
prostate-specific antigen

Triple Stumper
    $2000 24
Leverage

Christine
    $2000 16
melting pot

Triple Stumper
    $2000 8
Hector

Justin
    $2000 12
Brisbane

Justin
    $2000 20
a pinafore

Justin

Scores at the end of the Double Jeopardy! Round:

Joey Justin Christine
$4,600 $25,800 $10,200
(lock game)

Final Jeopardy! Round responses

BUSY PRESIDENTS
JoeyWho is Filmore?
$4,600
ChristineWho Woodrow Wilson
$7,800
JustinWho is Monroe?
$36
James Monroe

Final scores:

Joey Justin Christine
$0 $25,836 $2,400
3rd place: $5,000 if eliminated Automatic semifinalist 2nd place: $5,000 if eliminated

Game dynamics:

Coryat scores:

Joey Justin Christine
$7,600 $22,400 $10,200
14 R,
3 W
(including 1 DD)
27 R
(including 2 DDs),
1 W
12 R,
0 W

Combined Coryat: $40,200

[game clues] [game scores] [suggest correction]

Game tape date: 2010-03-23
The J! Archive is created by fans, for fans. Scraping, republication, monetization, and malicious use prohibited; this site may use cookies and collect identifying information. See terms. The Jeopardy! game show and all elements thereof, including but not limited to copyright and trademark thereto, are the property of Jeopardy Productions, Inc. and are protected under law. This website is not affiliated with, sponsored by, or operated by Jeopardy Productions, Inc. Join the discussion at JBoard.tv.